Obres completes de Maria Angels Anglada / Introducció de Carles Miralles ; edició i notes explicatives i complementàries d'Eusebi Ayensa
ISBN:
84-297-4980-2
Descripción Física:
v. ; 23 cm
Colección:
Clàssics catalans
MARC
| LEADER | 00000nam a2200000Ia 4500 | ||
|---|---|---|---|
| 001 | 13242 | ||
| 008 | 160829s2001 xx 000 0 cat d | ||
| 020 | |a 84-297-4980-2 (o.c.), 84-297-4960-8 (v.1) | ||
| 080 | |a L-1-374 | ||
| 100 | |a Anglada, Maria Àngels |9 34223 | ||
| 245 | |a Obres completes de Maria Angels Anglada / Introducció de Carles Miralles ; edició i notes explicatives i complementàries d'Eusebi Ayensa | ||
| 260 | |a Barcelona : |b Edicions 62 : |b Diputació de Barcelona, |c 2001 | ||
| 300 | |a v. ; |c 23 cm | ||
| 490 | |a Clàssics catalans | ||
| 590 | |a Conté: v. 1: Narrativa. | ||
| 650 | |a Literatura catalana |x S. XX |9 34224 | ||
| 650 | |a Anglada, Maria Àngels |9 34223 | ||
| 700 | |a Miralles, Carles |9 34225 | ||
| 700 | 1 | |a Ayensa, Eusebi |9 34226 | |
| 901 | |a Arxiu | ||
| 942 | |n 1 | ||
| 952 | |0 0 |1 0 |4 0 |6 L1374 |7 1 |9 46431 |a Arxiu |b Arxiu |d 2016-12-01 |l 0 |o L-1-374 |p 13242 |r 2016-12-01 00:00:00 |w 2016-12-01 |y ARXIU | ||
| 999 | |c 50216 |d 50216 | ||